<?xml version="1.0" encoding="UTF-8"?>
<marc:record xmlns:marc="http://www.loc.gov/MARC21/slim">
   <marc:leader>00000nam a2200000 a 4500</marc:leader>
   <marc:datafield ind1=" " ind2=" " tag="653">
      <marc:subfield code="a">3-6 Spieler</marc:subfield>
   </marc:datafield>
   <marc:datafield ind1=" " ind2=" " tag="653">
      <marc:subfield code="a">Würfelspiel</marc:subfield>
   </marc:datafield>
   <marc:datafield ind1="0" ind2="0" tag="245">
      <marc:subfield code="a">Mino Dice</marc:subfield>
   </marc:datafield>
   <marc:datafield ind1="0" ind2="0" tag="245">
      <marc:subfield code="b">Ein Würfel-Stichspiel</marc:subfield>
   </marc:datafield>
   <marc:datafield ind1=" " ind2="1" tag="264">
      <marc:subfield code="a">Günzburg</marc:subfield>
      <marc:subfield code="b">Hutter</marc:subfield>
      <marc:subfield code="c">2025</marc:subfield>
   </marc:datafield>
   <marc:datafield ind1="1" ind2=" " tag="520">
      <marc:subfield code="a">Mino Dice ist ein Stich-Spiel - aber mit Würfeln! Dabei sagt ihr an, wie viele Stiche ihr in dieser Runde machen werdet. Wer richtig liegt, kann zum Champion des Labyrinths werden! In jeder Runde erhaltet ihr einen Würfel mehr als zuvor. Dadurch spitzt sich die Situation zum Ende hin zu. Entscheide selbst über deine Strategie. Aber Vorsicht: Schneller als dir lieb ist, kann dein wertvoller Minotaurus auf der falschen Würfelseite landen und wertlos sein. Dann ist deine Ansage schnell falsch und du erhältst Minuspunkte!</marc:subfield>
   </marc:datafield>
   <marc:datafield ind1="3" ind2=" " tag="024">
      <marc:subfield code="a">4260071884398</marc:subfield>
   </marc:datafield>
   <marc:datafield ind1=" " ind2=" " tag="041">
      <marc:subfield code="a">ger</marc:subfield>
   </marc:datafield>
   <marc:datafield ind1=" " ind2=" " tag="338">
      <marc:subfield code="a">Gegenstand</marc:subfield>
   </marc:datafield>
</marc:record>
